KAPTANI DERYA BARBAROS HAYREDDİN (Record no. 1050271)

MARC details
000 -LEADER
sabit uzunluktaki kontrol alanı 00265nam a2200097Ia 4500
001 - KONTROL NUMARASI
kontrol alanı 1050271
005 - EN SON İŞLEMİN TARİH VE ZAMANI
kontrol alanı 20250827001205.0
008 - SABİT-UZUNLUKTA VERİ ÖĞELERİ--GENEL BİLGİ
sabit uzunluktaki kontrol alanı 250824s9999 xx 000 0 und d
245 #0 - ESER / YAZAR
ESER ADI KAPTANI DERYA BARBAROS HAYREDDİN
Yazar Adı AZİZ ERDOĞAN
260 ## - YAYIN, DAĞITIM, VB.
YAYIN EVİ ÇINARALTI YAYINLARI
Holdings
Düşüm durumu Kayıp durumu Hasar Durumu Ödünç verilmez Ana kütüphane Geçerli Kütüphane Edinilen tarih Toplam ödünç verme sayısı Barkod Son görüntüleme tarihi Fiyatın geçerli olmaya başladığı tarih Koha materyal türü
        M. HALİL İBRAHİM HEKİMOĞLU ANADOLU LİSESİ M. HALİL İBRAHİM HEKİMOĞLU ANADOLU LİSESİ 24.08.2025   10771664 27.08.2025 27.08.2025 Books